| 000 -ლიდერი |
| ფიქსირებული სიგრძის საკონტროლო ველი |
01990nam a2200289Ia 4500 |
| 001 - საკონტროლო ნომერი |
| საკონტროლო ველი |
20890 |
| 003 - საკონტროლო ნომრის იდენტიფიკატორი |
| საკონტროლო ველი |
GE_BSU |
| 005 - ბოლო ოპერაციის თარიღი და დრო |
| საკონტროლო ველი |
20210508140705.0 |
| 008 - ფიქსირებული სიგრძის მონაცემთა ელემენტები - ზოგადი ინფორმაცია |
| ფიქსირებული სიგრძის საკონტროლო ველი |
181216s2014||||ge |||||||||||||| ||geo|| |
| 020 ## - წიგნის საერთაშორისო სტანდარტული ნომერი |
| International Standard Book Number |
9789941935558 |
| 040 ## - კატალოგიზაციის წყარო |
| Transcribing agency |
GE_BSU |
| 041 ## - ენის კოდი |
| Language code of text/sound track or separate title |
geo |
| 080 ## - უნივერსალური ათობითი კლასიფიკაციის ინდექსი |
| Universal Decimal Classification number |
342.726-056.24+614 კ-44 |
| 100 ## - მთავარი ჩანაწერი - პიროვნების სახელი |
| Personal name |
კვანტალიანი, ნუნუ |
| 9 (RLIN) |
2881 |
| 245 ## - ცნობა სათაურის შესახებ |
| Title |
პაციენტის უფლებები და ჯანმრთელობის დაცვის პერსონალის სამოქალაქო სამართლებრივი პასუხისმგებლობის საფუძვლები / |
| Statement of responsibility, etc |
ნუნუ კვანტალიანი; რედაქტორი: ზურაბ ძლიერიშვილი. |
| 264 ## - წარმოების, გამოცემის, დისტრიბუციის და სხვა ცნობები |
| გამოცემის, წარმოების, დისტრიბუციის... ადგილი |
თბილისი : |
| გამოცემის, წარმოების, დისტრიბუციის... სახელწოდება |
იურისტების სამყარო, |
| გამოცემის, წარმოების, დისტრიბუციის... თარიღი |
2014. |
| 300 ## - ფიზიკური აღწერა |
| Extent |
227 გვ.; |
| Other physical details |
19 სმ. |
| 504 ## - BIBLIOGRAPHY, ETC. NOTE |
| Bibliography, etc |
ბიბლიოგრ.: გვ. 209-211; მონოგრაფიები:გვ. 212-215 |
| 520 ## - SUMMARY, ETC. |
| Summary, etc |
წინამდებარე კვლევა წარმოადგენს საქართველოს ტექნიკურ უნივერსიტეტში 2012 წლის 9 ივნისს დაცულ დისერტაციას. |
| 653 ## - INDEX TERM--UNCONTROLLED |
| Uncontrolled term |
სამართალი |
| 653 ## - INDEX TERM--UNCONTROLLED |
| Uncontrolled term |
სამართალი. პაციენტის უფლებები |
| 653 ## - INDEX TERM--UNCONTROLLED |
| Uncontrolled term |
ჯანმრთელობის დაცვის სფეროში პაციენტის უფლებების დაცვის საერთაშორისო და ეროვნული სტანდარტები |
| 653 ## - INDEX TERM--UNCONTROLLED |
| Uncontrolled term |
სამოქალაქო სამართალი |
| 700 ## - ADDED ENTRY--PERSONAL NAME |
| Personal name |
ძლიერიშვილი, ზურაბ |
| Relator term |
რედაქტორი |
| 9 (RLIN) |
8152 |
| 942 ## - ADDED ENTRY ELEMENTS (KOHA) |
| Koha item type |
წიგნი |
| Source of classification or shelving scheme |
|